[Event "NED-ch U12 op"]
[Site "Borne"]
[Date "2013.08.09"]
[Round "10"]
[White "Kalkman, Lorena"]
[Black "Gasimov, Rashad"]
[Result "0-1"]
[WhiteElo "1010"]
[BlackElo "900"]
[PlyCount "146"]
[EventDate "2013.08.05"]
[EventType "swiss"]
[EventRounds "13"]
[EventCountry "NED"]
[SourceTitle "EXT 2015"]
[Source "ChessBase"]
[SourceDate "2014.11.20"]
[SourceVersion "1"]
[SourceVersionDate "2014.11.20"]
[SourceQuality "1"]

1. e4 e5 2. Nf3 Nc6 3. d4 exd4 4. Bc4 Nf6 5. 0-0 Nxe4 6. Re1 Qe7 7. Nxd4 Qh4 8. g3 Qe7 9. Nc3 Nxd4 10. Rxe4 Ne6 11. Bf4 g5 12. Bd2 Qd6 13. Bxg5 Qxd1+ 14. Rxd1 Bg7 15. Nd5 0-0 16. Ne7+ Kh8 17. c3 Nxg5 18. Re2 d6 19. Nxc8 Raxc8 20. Kg2 Rce8 21. Rde1 Rxe2 22. Rxe2 f5 23. Re7 f4 24. Rxc7 fxg3 25. hxg3 Ne4 26. f3 Nd2 27. Be2 Kg8 28. Rxb7 Rf7 29. Rb8+ Bf8 30. f4 Re7 31. Bh5 Ne4 32. Kh3 Nf2+ 33. Kg2 Ne4 34. Kh3 Nf2+ 35. Kg2 Ne4 36. Kh3 Nf6 37. Kh4 Nd7 38. Rb7 Nf6 39. Rxe7 Bxe7 40. g4 Ne4+ 41. Kh3 Nf2+ 42. Kg3 Ne4+ 43. Kh3 Nf6 44. Kg3 Nxh5+ 45. gxh5 Kg7 46. Kg4 d5 47. Kf5 Bf6 48. h6+ Kf7 49. a3 d4 50. cxd4 Bxd4 51. b3 a5 52. a4 Bc3 53. Kg5 Bd2 54. Kf5 Bc1 55. Kg5 Ke6 56. Kg4 Kf6 57. Kf3 Kf5 58. Ke2 Bxf4 59. Kd3 Bxh6 60. Kc4 Bd2 61. Kd3 Bb4 62. Ke2 h6 63. Kf2 h5 64. Kg2 h4 65. Kh2 Bd6+ 66. Kg1 Kg4 67. Kh1 Kg3 68. Kg1 h3 69. Kh1 h2 70. b4 axb4 71. a5 b3 72. a6 b2 73. a7 b1Q# 0-1